Gaming Quiz

Random Gaming or Console Quiz

Nintendo Game Systems Quiz Stats

 Plays Quiz Updated Sep 21, 2018

Score 0/22 Timer 04:00
28 Plays Today
Released System % Correct
2006Wii
93.8%
1989Game Boy
88%
2012Wii U
87.1%
1996Nintendo 64
86.5%
2004Nintendo DS
85.5%
1991Super Nintendo Entertainment System
85.2%
2017Switch
84.4%
2001Nintendo GameCube
83.5%
1985Nintendo Entertainment Systems
76.7%
2001Game Boy Advance
73.6%
1998Game Boy Color
73.1%
Released System % Correct
2009Nintendo DSi
54.5%
2013Nintendo 2DS
54.1%
2006Nintendo DS Lite
48.6%
2015New Nintendo 3DS
44.3%
2003 (Redesign)Game Boy Advance SP
38.5%
1995Virtual Boy
31.9%
1996 (Redesign)Game Boy Pocket
30%
2011Nintendo 3DS
29.5%
1980Game & Watch
24.9%
2005 (Redesign)Game Boy Advance Micro
22.7%
1977 (Japan)Color TV Game
7.7%

You're not logged in!

Compare scores with friends on all Sporcle quizzes.
OR
Log In

Sporcle TV

Today on Sporcle TV


Watch our educational content, quiz creation guides, and fun videos on Sporcle TV.

Show Comments

Extras

Top Quizzes Today


Score Distribution

Your Account Isn't Verified!

In order to create a playlist on Sporcle, you need to verify the email address you used during registration. Go to your Sporcle Settings to finish the process.

Report this User

Report this user for behavior that violates our Community Guidelines.

Details: